Wszystkie narodowości z jakich piłkarze grali w ekstraklasie - Statystyki

Ogólne statystyki
  • Ten quiz został rozwiązany 105 razy
  • Średni wynik to 80 z 109
Statystyki odpowiedzi
LIczba zawodników Państwo % Poprawnych
131 Słowacja
99%
81 Czechy
98%
92 Hiszpania
98%
61 Portugalia
97%
29 Rosja
97%
31 Niemcy
95%
8 Stany Zjednoczone
95%
136 Brazylia
94%
77 Ukraina
94%
84 Chorwacja
93%
6 Włochy
93%
17 Austria
92%
21 Szwecja
92%
31 Białoruś
91%
15 Dania
91%
15 Japonia
91%
26 Łotwa
91%
98 Serbia
91%
41 Słowenia
91%
5 Anglia
90%
18 Argentyna
90%
12 Estonia
90%
13 Francja
90%
3 Kanada
90%
52 Litwa
90%
10 Norwegia
90%
25 Rumunia
90%
1 Chiny
89%
14 Finlandia
89%
23 Grecja
89%
3 Republika Południowej Afryki
89%
4 Turcja
89%
5 Australia
87%
5 Belgia
87%
1 Egipt
87%
20 Holandia
87%
3 Maroko
87%
26 Bułgaria
86%
1 Irlandia
86%
3 Meksyk
86%
23 Węgry
86%
2 Korea Południowa
85%
7 Szwajcaria
85%
50 Bośnia
84%
33 Gruzja
84%
2 Szkocja
84%
12 Albania
83%
31 Czarnogóra
83%
4 Islandia
83%
6 Kazachstan
83%
8 Kolumbia
82%
22 Macedonia
82%
5 Niger
82%
2 Nowa Zelandia
82%
7 Urugwaj
82%
3 Chile
80%
3 Iran
80%
12 Kosowo
80%
1 Luksemburg
80%
9 Mołdawia
80%
47 Nigeria
79%
9 Peru
79%
1 Algieria
78%
9 Senegal
78%
5 Azerbejdżan
77%
6 Demokratyczna Republika Konga
76%
11 Ghana
76%
4 Tunezja
76%
13 Izrael
75%
1 Ekwador
74%
20 Kamerun
74%
1 Malta
74%
5 Armenia
72%
1 Paragwaj
72%
1 Cypr
71%
3 Honduras
70%
1 Indonezja
70%
4 Wenezuela
70%
4 Wybrzeże Kości Słoniowej
68%
1 Panama
67%
2 Kostaryka
63%
1 Kenia
62%
1 Uzbekistan
62%
3 Angola
61%
3 Haiti
60%
1 Mali
56%
1 Afganistan
54%
2 Togo
54%
19 Zimbabwe
54%
1 Gabon
53%
3 Zambia
52%
6 Gwinea
51%
2 Kirgistan
49%
3 Gambia
48%
4 Burkina Faso
46%
1 Liberia
46%
1 Mozambik
46%
4 Republika Zielonego Przylądka
46%
1 Dominikana
44%
1 Gwatemala
37%
5 Gwinea Bissau
37%
1 Burundi
34%
1 Palestyna
26%
3 Curacao
18%
1 Portoryko
18%
1 Wyspy Świętego Tomasza i Książęca
17%
2 Martynika
14%
2 Gwadelupa
10%
1 Mauritus
6%
Nie znaleziono quizów pasujących do podanych kryteriów
Rozkład punktacji
Procent ludzi z każdym wynikiem
Percentyl według liczby udzielonych odpowiedzi
Twoja historia wyników
Nie rozwiązałeś tego quizu